00656nam a2200181 i 4500001000700000003000900007005001700016007000300033008004100036100003800077245009300115260004200208300002200250650003900272852002200311999001900333952012200352149197ES-MaACL20230906203009.0t|071019s1966 sp |||| | spa d1 aVega y Relea, Juvenal de.911363513aEl mundo hispánico b: comunidad de cultura y educación / cJuvenal de Vega y Relea. aMadrid : bAfrodisio Aguado, c[1966] a296 p. ; c22 cm.04aCivilización hispánica.911097 aES-MaACLjC-30760 c149197d149197 00104070aATENEOMbATENEOMcDEPO2d2008-01-17eSCl0oC-30760p1155690r2023-02-23 00:00:00w2023-02-23yMONOGRAFIA